000 00439nam a22001817a 4500
003 MPLRDC
005 20220104144148.0
008 210129b ||||| |||| 00| 0 eng d
082 _a868.71 LCH v.9 c.2
100 _a徐凌慧等编
245 _a蝴蝶纹身
_c
250 _a初版
260 _a
_b千秋事业社
_c1997
300 _b
490 _a隆中丛书九
650 _a马华文学
942 _cBK
_o868.71 LCH v.9 c.2
999 _c46966
_d46956